|
|
|
|
| LEADER |
00688cam a2200217ua 4500 |
| 008 |
061007t2005||||||||||| 001 ||eng c |
| 020 |
|
|
|a 81-7304-599-2
|
| 041 |
0 |
|
|a eng
|
| 082 |
|
|
|a 305.563 3
|b SWA
|
| 245 |
1 |
0 |
|a Swami Sahajanand and the peasants of Jharkhand: A view from 1941 /
|
| 250 |
|
|
|a 1st
|
| 260 |
|
|
|a New Delhi:
|b Manohar,
|c 2005.
|
| 300 |
|
|
|a xxxiii,369p..
|
| 362 |
1 |
|
|a 2005.
|
| 365 |
|
|
|a Rs. 395/.
|e pb
|
| 500 |
|
|
|a Includes index and glossary.
|
| 650 |
|
|
|a Agricultural workers-India
|
| 650 |
0 |
|
|a Sociology
|
| 942 |
|
|
|c BK
|
| 999 |
|
|
|c 13275
|d 13275
|
| 952 |
|
|
|0 0
|1 0
|4 0
|6 305_563000000000000_3_SW
|7 0
|9 13842
|a KUCL
|b KUCL
|d 2014-05-23
|l 0
|o 305.563 3 SW
|p 15752
|r 2014-05-23
|w 2014-05-23
|y BK
|